000 00882na a2200301 4500
001 13097
003 MIRAKIL
005 20181213154826.0
008 161001b tu 000 0
035 _a13097
040 _aMilas
_btur
_cTR-AnCHP
041 _atur
082 _a303.62509561
_bE63t 1980
090 _a303.62509561 E63t 1980
100 _aErgil, Doğu
245 _aTürkiye'de terör ve şiddet
_bYapısal ve kültürel kaynakları
_cDoğu Ergil
260 _aAnkara
_bTurhan Kitabevi
_c1980
300 _axv, 248 s.
_c20 sm.
490 _aTurhan Kitabevi Yayınları Bilimsel Eserler Dizisi
_v4
504 _aKaynakça var.
650 _aToplumsal sorunlar
_zTürkiye
650 _aŞiddet
_zTürkiye
650 _aTerörizm
_zTürkiye
650 _aToplumsal çatışmalar
_zTürkiye
657 _aŞiddet
657 _aTerör sorunu
942 _2dcc
_cBKS
999 _c1558
_d1558